Művelődéstörténeti környezettan
Elmentve itt :
| Szerző: | |
|---|---|
| Adatforrás: | Meister |
| Forrásdokumentuma: | Korunk. - 6 sz., 1996, 98-99 p. |
| Nyelv: | magyar |
| Kulcsszavak: | ökológia humán ökológia antropológia kultúra |
| LEADER | 00418nab a2200157 i 4500 | ||
|---|---|---|---|
| 001 | bibPRO00000391 | ||
| 008 | 060524s1996 xx hun | ||
| 040 | |a Sz1 | ||
| 041 | |a hun | ||
| 100 | 2 | |a NAGY-TÓTH Ferenc | |
| 245 | 1 | 0 | |a Művelődéstörténeti környezettan |c NAGY-TÓTH Ferenc |
| 695 | |a ökológia | ||
| 695 | |a humán ökológia | ||
| 695 | |a antropológia | ||
| 695 | |a kultúra | ||
| 773 | 0 | |t Korunk. - |g 6 sz., 1996, 98-99 p. | |